000 00275nam a22001337a 4500
008 170216b xxu||||| |||| 00| 0 eng d
020 _a0721619630
041 _aeng
080 _a61
100 _a4
101 _aSHM
245 _aBOWEL OBSTRUCTION
_cBLOOM
942 _2udc
_cBK
999 _c5652
_d5652